| 000 | 00441nam a2200169 a 4500 | ||
|---|---|---|---|
| 005 | 20230602063647.0 | ||
| 008 | 991125s1948 mx 000 0 spa u | ||
| 035 | _aUPN01000005400 | ||
| 049 | _aCG | ||
| 050 | 4 |
_aPQ7297 C64 _bB3 |
|
| 100 | 1 | _aCorona Rojas, Benigno | |
| 245 | 1 | 3 |
_aLa barriada : _bnovela / _cBenigno Corona Rojas. |
| 260 |
_aMéxico : _bOmega, _c1948. |
||
| 300 | _a246 p. | ||
| 650 | 4 |
_aNovela mexicana _94557 |
|
| 905 | _aLibro | ||
| 999 |
_c5400 _d5400 |
||